Catholic ethic and the spirit of capitalism (Record no. 226630)
[ view plain ]
| 000 -LEADER | |
|---|---|
| fixed length control field | 00994nam a22002657a 4500 |
| 005 - DATE AND TIME OF LATEST TRANSACTION | |
| control field | 20230209142247.0 |
| 008 - FIXED-LENGTH DATA ELEMENTS--GENERAL INFORMATION | |
| fixed length control field | 230209b ||||| |||| 00| 0 eng d |
| 020 ## - INTERNATIONAL STANDARD BOOK NUMBER | |
| International Standard Book Number | 002923235x |
| 040 ## - CATALOGING SOURCE | |
| Transcribing agency | AL |
| 041 ## - LANGUAGE CODE | |
| Language code of text/sound track or separate title | eng |
| 082 ## - DEWEY DECIMAL CLASSIFICATION NUMBER | |
| Edition number | 23 |
| Classification number | 261.85 |
| Item number | NOVC |
| 100 ## - MAIN ENTRY--PERSONAL NAME | |
| Personal name | Michael Novak |
| 100 ## - MAIN ENTRY--PERSONAL NAME | |
| 9 (RLIN) | 71664 |
| 245 ## - TITLE STATEMENT | |
| Title | Catholic ethic and the spirit of capitalism |
| 260 ## - PUBLICATION, DISTRIBUTION, ETC. | |
| Place of publication, distribution, etc. | New York |
| Name of publisher, distributor, etc. | The Free Press |
| Date of publication, distribution, etc. | 1993 |
| 300 ## - PHYSICAL DESCRIPTION | |
| Extent | xvii,334p. |
| Other physical details | HB |
| Dimensions | 24x16cm. |
| 365 ## - TRADE PRICE | |
| Source of price type code | Religion |
| 520 ## - SUMMARY, ETC. | |
| Summary, etc. | The Catholic Church has, for generations, been reluctant to come to terms with capitalism. Novak argues that a 100-year debate within the Catholic Church has yielded a richer and more humane vision of capitalism than that described in Weber's "Protestant Ethic". |
| 650 ## - SUBJECT ADDED ENTRY--TOPICAL TERM | |
| Topical term or geographic name entry element | Protestant Ethic |
| 9 (RLIN) | 71665 |
| 650 ## - SUBJECT ADDED ENTRY--TOPICAL TERM | |
| Topical term or geographic name entry element | Catholics Against Capitalism |
| 9 (RLIN) | 71666 |
| 650 ## - SUBJECT ADDED ENTRY--TOPICAL TERM | |
| Topical term or geographic name entry element | Socialism |
| 9 (RLIN) | 71667 |
| 650 ## - SUBJECT ADDED ENTRY--TOPICAL TERM | |
| Topical term or geographic name entry element | War on Poverty |
| 9 (RLIN) | 71668 |
| 650 ## - SUBJECT ADDED ENTRY--TOPICAL TERM | |
| Topical term or geographic name entry element | Adversary Culture |
| 9 (RLIN) | 71669 |
| 700 ## - ADDED ENTRY--PERSONAL NAME | |
| Personal name | NOVAK (Michael) |
| 9 (RLIN) | 71670 |
| 942 ## - ADDED ENTRY ELEMENTS (KOHA) | |
| Source of classification or shelving scheme | Dewey Decimal Classification |
| Koha item type | Donated Books |
| Withdrawn status | Lost status | Source of classification or shelving scheme | Damaged status | Not for loan | Collection code | Home library | Current library | Date acquired | Total Checkouts | Full call number | Barcode | Date last seen | Price effective from | Koha item type |
|---|---|---|---|---|---|---|---|---|---|---|---|---|---|---|
| Dewey Decimal Classification | Others | St Aloysius Library | St Aloysius Library | 07/24/2013 | 261.85 NOVC | D05159 | 02/09/2023 | 02/09/2023 | Donated Books |